书目信息 |
| 题名: |
声音
|
|
| 作者: | 敬一丹 著 | |
| 分册: | ||
| 出版信息: | 北京 华艺出版社 1998.7 |
|
| 页数: | 383页 | |
| 开本: | 21cm | |
| 丛书名: | ||
| 单 册: | ||
| 中图分类: | C912.69 | |
| 科图分类: | ||
| 主题词: | 社会心理学 | |
| 电子资源: | ||
| ISBN: | 7-80142-097-7 | |
| 000 | 00664nam0 2200205 45 | |
| 001 | 0003221617 | |
| 005 | 20050607154727.5 | |
| 010 | @a7-80142-097-7@dCNY23.80 | |
| 100 | @a20000322d1998 km y0chiy0120 ea | |
| 101 | @achi | |
| 105 | @a z 000yy | |
| 200 | 1 | @a声音@ASheng Yin@e一个电视人与观众的对话@EYi Ge Dian Shi Ren Yu Guan Zhong De Dui Hua@f敬一丹著@FJing Yi Dan Zhu |
| 210 | @a北京@c华艺出版社@d1998.7 | |
| 215 | @a383页@c照片@d21cm | |
| 517 | @a一个电视人与观众的对话@AYi Ge Dian Shi Ren Yu Guan Zhong De Dui Hua | |
| 606 | 0 | @a社会心理学 |
| 690 | @aC912.69@v1 | |
| 701 | 0 | @a敬一丹@4著 |
| 801 | @aCN@bTSTC@c20000322 | |
| 905 | @dC912.69@e235@f1@b286427 | |
| 声音:一个电视人与观众的对话/敬一丹著.-北京:华艺出版社,1998.7 |
| 383页:照片;21cm |
| ISBN 7-80142-097-7:CNY23.80 |
| ● |
| 相关链接 |
|
|
|
|
正题名:声音
索取号:C912.69/235
 
预约/预借
| 序号 | 登录号 | 条形码 | 馆藏地/架位号 | 状态 | 备注 |
| 1 | 0286423 | 002864234 | 第一借阅区/ [索取号:C912.69/235] | 在馆 | |
| 2 | 0286424 | 002864243 | 第一借阅区/ [索取号:C912.69/235] | 在馆 | |
| 3 | 0286425 | 002864252 | 密集书库/ [索取号:C912.69/235] | 在馆 | |
| 4 | 0286426 | 002864261 | 密集书库/ [索取号:C912.69/235] | 在馆 | |
| 5 | 0286427 | 002864270 | 第一样本阅览室/ [索取号:C912.69/235] | 在馆 |